Les tenseurs et leurs applications /
Guardado en:
| Autor Principal: | |
|---|---|
| Otros Autores: | , |
| Formato: | Libro |
| Idioma: | French |
| Publicado: |
Paris :
Eyrolles,
1980.
|
| Etiquetas: |
Agregar Etiqueta
Sin Etiquetas, Sea el primero en etiquetar este registro!
|
| LEADER | 00520nam a22001575a 4500 | ||
|---|---|---|---|
| 001 | MAT.inmabb004979 | ||
| 008 | 080822s1980####fr#a##########000#0#fre#d | ||
| 005 | 20111117165321.0 | ||
| 245 | 1 | 4 | |a Les tenseurs et leurs applications / |c par Victor Drivas, Léonard Rosenthal et Yves Semezis. |
| 260 | |a Paris : |b Eyrolles, |c 1980. | ||
| 300 | |a x, 134 p. : |b il. ; |c 25 cm. | ||
| 100 | 1 | |a Drivas, Victor. | |
| 700 | 1 | |a Rosenthal, Léonard. | |
| 700 | 1 | |a Semezis, Yves. | |
| 084 | |a 15A72 (15-01) |2 msc2000 | ||
| 859 | |h 15 |i D782 |p A-5362 |b BIB. MATEMATICA | ||
